Municipalities of Waukesha County, Wisconsin - Statistics

General Stats
  • This quiz has been taken 285 times
    218 since last reset
  • The average score is 23 of 41
Answers on the Map
Answers color-coded by a green-red scale on the quiz's map according to % correct below.
 
Answer Stats
Answer % Correct
City of Waukesha
94%
Village of Waukesha
94%
Village of Waukesha
94%
City of Brookfield
84%
Town of Brookfield
84%
City of New Berlin
80%
City of Oconomowoc
80%
Town of Oconomowoc
80%
Village of Oconomowoc
80%
Village of Oconomowoc Lake
80%
City of Pewaukee
72%
Village of Pewaukee
72%
City of Muskego
68%
Village of Sussex
66%
Town of Delafield
63%
Village of Delafield
63%
Village of Hartland
61%
Town of Mukwonago
59%
Village of Mukwonago
59%
Village of Menomonee Falls
56%
Village of Wales
54%
Village of Elm Grove
51%
Village of Butler
48%
Village of Big Bend
46%
Town of Eagle
44%
Town of Merton
44%
Village of Eagle
44%
Village of Lannon
44%
Village of Merton
44%
City of Milwaukee
43%
Village of Dousman
43%
Village of North Prairie
37%
Town of Genesee
32%
Village of Summit
32%
Village of Vernon
32%
Village of Chenequa
30%
Village of Lac La Belle
29%
Village of Nashotah
29%
Town of Lisbon
25%
Census Designated Place of Okauchee Lake
23%
Town of Ottawa
14%
No matching quizzes found
Score Distribution
Percent of People with Each Score
Percentile by Number Answered
Your Score History
You have not taken this quiz since the last reset